[Event "Hessen-ch Seniors op 10th"]
[Site "Bad Sooden-Allendorf"]
[Date "2014.05.03"]
[Round "8"]
[White "Grueneschild, Hildegard"]
[Black "Hampe, Werner"]
[Result "0-1"]
[WhiteElo "1562"]
[BlackElo "1780"]
[PlyCount "110"]
[EventDate "2014.04.26"]
[EventType "swiss"]
[EventRounds "9"]
[EventCountry "GER"]
[SourceTitle "EXT 2018"]
[Source "ChessBase"]
[SourceDate "2017.10.13"]
[SourceVersion "1"]
[SourceVersionDate "2017.10.13"]
[SourceQuality "1"]

1. c4 c6 2. Nc3 Nf6 3. Nf3 d5 4. e3 e6 5. d4 Be7 6. Be2 0-0 7. 0-0 Nbd7 8. cxd5 exd5 9. h3 Re8 10. Re1 Bd6 11. g3 Ne4 12. Bf1 Ndf6 13. Nxe4 Nxe4 14. Bg2 f5 15. Qc2 h6 16. Kh2 Qc7 17. Rg1 Bd7 18. Bh1 Re7 19. Nh4 Rae8 20. Ng6 Rf7 21. Nf4 Rc8 22. Qe2 Re8 23. Bd2 Bc8 24. Rac1 Qe7 25. a3 Kh7 26. f3 Nxd2 27. Qxd2 Qxe3 28. Qxe3 Rxe3 29. Rc2 Bd7 30. Rf1 Rfe7 31. Rff2 Bxf4 32. gxf4 Be8 33. Bg2 g5 34. Kg3 Kg6 35. fxg5 hxg5 36. Kh2 f4 37. Rcd2 Bd7 38. Kg1 Rh7 39. Kh2 Bf5 40. a4 a6 41. b4 Rhe7 42. b5 axb5 43. axb5 Bd7 44. b6 Rb3 45. Rb2 Ree3 46. Kg1 Re1+ 47. Kh2 Rb1 48. Rxb1 Rxb1 49. Bf1 Kf6 50. Bd3 Rxb6 51. Rc2 Rb4 52. Bh7 Bf5 53. Bxf5 Kxf5 54. Rd2 Rc4 55. Kg2 b5 0-1

[Event "Hessen-ch Seniors op 09th"]
[Site "Bad Sooden-Allendorf"]
[Date "2013.04.27"]
[Round "8"]
[White "Fleischer, Martin"]
[Black "Hampe, Werner"]
[Result "1-0"]
[WhiteElo "1933"]
[BlackElo "1776"]
[PlyCount "92"]
[EventDate "2013.04.20"]
[EventType "swiss"]
[EventRounds "9"]
[EventCountry "GER"]
[SourceTitle "EXT 2019"]
[Source "ChessBase"]
[SourceDate "2018.10.10"]
[SourceVersion "1"]
[SourceVersionDate "2018.10.10"]
[SourceQuality "1"]

1. e4 e5 2. Nf3 Nc6 3. c3 d6 4. h3 Be7 5. a3 Nf6 6. Qc2 0-0 7. d4 a6 8. Be3 Re8 9. d5 Nb8 10. c4 c5 11. Nc3 Nbd7 12. Be2 Rb8 13. b4 b6 14. 0-0 Nf8 15. Rab1 Qc7 16. Nh2 Ng6 17. f3 Nf4 18. Bd1 N6h5 19. Ne2 Bd7 20. Nxf4 Nxf4 21. Ng4 h5 22. Nf2 g5 23. Kh2 f6 24. g3 Ng6 25. Rg1 Kh7 26. Qe2 Rh8 27. f4 Rbg8 28. bxc5 bxc5 29. fxg5 fxg5 30. Qxh5+ Kg7 31. Qf3 Qc8 32. g4 Nf4 33. Bxf4 exf4 34. Qb3 Bf6 35. Qb7 Kg6 36. Kg2 Bd4 37. Qxc8 Bxc8 38. Rh1 Kf6 39. Nd3 Ke7 40. Bf3 Rg7 41. Rbe1 Kf6 42. Rd1 Ke7 43. Ne1 Rgh7 44. Nc2 Rh6 45. Nxd4 cxd4 46. Rxd4 a5 1-0

[Event "Hessen-ch Seniors op 09th"]
[Site "Bad Sooden-Allendorf"]
[Date "2013.04.26"]
[Round "7"]
[White "Hampe, Werner"]
[Black "Piastowski, Kurt"]
[Result "1/2-1/2"]
[WhiteElo "1776"]
[BlackElo "1995"]
[PlyCount "43"]
[EventDate "2013.04.20"]
[EventType "swiss"]
[EventRounds "9"]
[EventCountry "GER"]
[SourceTitle "EXT 2019"]
[Source "ChessBase"]
[SourceDate "2018.10.10"]
[SourceVersion "1"]
[SourceVersionDate "2018.10.10"]
[SourceQuality "1"]

1. c4 c5 2. g3 g6 3. Bg2 Bg7 4. Nc3 Nc6 5. e4 d6 6. d3 e6 7. Nge2 Nge7 8. a3 0-0 9. 0-0 b6 10. Rb1 Bb7 11. f4 f5 12. Bd2 Nd4 13. b4 Qd7 14. b5 e5 15. a4 a5 16. Nxd4 exd4 17. Nd5 Nxd5 18. exd5 Rae8 19. Re1 Re7 20. Rxe7 Qxe7 21. Qf1 Rf7 22. Re1 1/2-1/2

[Event "Hessen-ch Seniors op 09th"]
[Site "Bad Sooden-Allendorf"]
[Date "2013.04.24"]
[Round "5"]
[White "Hampe, Werner"]
[Black "Wauer, Klaus"]
[Result "1-0"]
[WhiteElo "1776"]
[BlackElo "1794"]
[PlyCount "52"]
[EventDate "2013.04.20"]
[EventType "swiss"]
[EventRounds "9"]
[EventCountry "GER"]
[SourceTitle "EXT 2019"]
[Source "ChessBase"]
[SourceDate "2018.10.10"]
[SourceVersion "1"]
[SourceVersionDate "2018.10.10"]
[SourceQuality "1"]

1. c4 b6 2. Nc3 Bb7 3. e4 e6 4. Nf3 Bb4 5. d3 Bxc3+ 6. bxc3 Nf6 7. g3 h6 8. Bg2 d6 9. 0-0 0-0 10. Re1 e5 11. a4 a5 12. Rb1 Nbd7 13. Nh4 Kh7 14. Nf5 Ng8 15. d4 Qf6 16. Ba3 Bc8 17. Bc1 Re8 18. f4 g6 19. Nh4 Nf8 20. Rf1 Qg7 21. Rb2 Ba6 22. Qd3 Rad8 23. Rff2 f6 24. d5 Nd7 25. Qe2 Nc5 26. Bh3 Nxa4 1-0

[Event "Hessen-ch Seniors op 09th"]
[Site "Bad Sooden-Allendorf"]
[Date "2013.04.23"]
[Round "4"]
[White "Kluge, Hans Christof"]
[Black "Hampe, Werner"]
[Result "1/2-1/2"]
[WhiteElo "1678"]
[BlackElo "1776"]
[PlyCount "42"]
[EventDate "2013.04.20"]
[EventType "swiss"]
[EventRounds "9"]
[EventCountry "GER"]
[SourceTitle "EXT 2019"]
[Source "ChessBase"]
[SourceDate "2018.10.10"]
[SourceVersion "1"]
[SourceVersionDate "2018.10.10"]
[SourceQuality "1"]

1. d4 Nf6 2. Nf3 d5 3. e3 Nbd7 4. Bd3 g6 5. Nbd2 Bg7 6. 0-0 0-0 7. Re1 c5 8. c3 b6 9. e4 dxe4 10. Nxe4 Bb7 11. Bg5 Nxe4 12. Bxe4 Bxe4 13. Rxe4 Nf6 14. Re2 h6 15. Be3 cxd4 16. Bxd4 Re8 17. Qc2 e6 18. Rd1 Qc8 19. Red2 Qa6 20. a3 Rad8 21. h3 Qb7 1/2-1/2

[Event "Hessen-ch Seniors op 09th"]
[Site "Bad Sooden-Allendorf"]
[Date "2013.04.22"]
[Round "3"]
[White "Hampe, Werner"]
[Black "Juergens, Peter1"]
[Result "0-1"]
[WhiteElo "1776"]
[BlackElo "2008"]
[PlyCount "90"]
[EventDate "2013.04.20"]
[EventType "swiss"]
[EventRounds "9"]
[EventCountry "GER"]
[SourceTitle "EXT 2019"]
[Source "ChessBase"]
[SourceDate "2018.10.10"]
[SourceVersion "1"]
[SourceVersionDate "2018.10.10"]
[SourceQuality "1"]

1. c4 Nf6 2. g3 e6 3. Bg2 d5 4. Nf3 Be7 5. 0-0 0-0 6. b3 b6 7. Bb2 Bb7 8. d4 Nbd7 9. Nc3 c5 10. cxd5 Nxd5 11. Nxd5 Bxd5 12. Re1 Nf6 13. dxc5 Bxc5 14. Bxf6 Qxf6 15. e4 Bb7 16. Qe2 Rad8 17. Rad1 h6 18. Rd3 Rxd3 19. Qxd3 Rd8 20. Qc2 Qe7 21. e5 Qd7 22. Qe2 Bc6 23. Bf1 a5 24. Bg2 a4 25. bxa4 Bxa4 26. Bf1 Bc6 27. Bg2 Qd3 28. Qxd3 Rxd3 29. Nh4 Bxg2 30. Kxg2 Rd2 31. Rf1 Rxa2 32. Nf3 b5 33. Ne1 Bd4 34. Nd3 Rd2 35. Ne1 Bxe5 36. Nf3 Rd5 37. Nxe5 Rxe5 38. Rb1 Kf8 39. f4 Rd5 40. Kf3 Ke7 41. Rb3 Kd6 42. g4 Kc5 43. Rc3+ Kd4 44. Rc7 b4 45. Rb7 Kc4 0-1

[Event "Hessen-ch Seniors op 07th"]
[Site "Bad Sooden-Allendorf"]
[Date "2011.05.05"]
[Round "6"]
[White "Hampe, Werner"]
[Black "Reimann, Guenther"]
[Result "0-1"]
[WhiteElo "1577"]
[BlackElo "1733"]
[PlyCount "94"]
[EventDate "2011.04.30"]
[EventType "swiss"]
[EventRounds "9"]
[EventCountry "GER"]
[SourceTitle "EXT 2012"]
[Source "ChessBase"]
[SourceDate "2011.11.24"]
[SourceVersion "1"]
[SourceVersionDate "2011.11.24"]
[SourceQuality "1"]

1. c4 e6 2. g3 f5 3. Bg2 Nf6 4. e3 e5 5. Ne2 d6 6. 0-0 Be7 7. d3 0-0 8. Nbc3 c6 9. Rb1 Na6 10. a3 Rb8 11. b4 Nc7 12. f4 Qe8 13. b5 cxb5 14. cxb5 b6 15. a4 Qh5 16. h3 Bb7 17. Ba3 Bxg2 18. Kxg2 Nd7 19. Rc1 Qf7 20. Rf2 Rbc8 21. Kh2 g6 22. Ng1 Nd5 23. Nxd5 Qxd5 24. Rfc2 Rxc2+ 25. Qxc2 Nc5 26. Bxc5 dxc5 27. Qc4 Qxc4 28. dxc4 Rd8 29. fxe5 Rd2+ 30. Kh1 Rd3 31. Nf3 Rxe3 32. Kg2 Kf7 33. Kf2 Ra3 34. Rc2 Rxa4 35. h4 Ke6 36. Ke2 h6 37. Kf2 g5 38. hxg5 hxg5 39. Kg2 g4 40. Ne1 Kxe5 41. Re2+ Kf6 42. Rc2 Bd6 43. Rd2 Be5 44. Nd3 Rxc4 45. Ra2 Bb8 46. Nf4 Bxf4 47. gxf4 Rxf4 0-1

[Event "Hessen-ch Seniors op 07th"]
[Site "Bad Sooden-Allendorf"]
[Date "2011.05.03"]
[Round "4"]
[White "Hampe, Werner"]
[Black "Barlo, Werner"]
[Result "1/2-1/2"]
[WhiteElo "1577"]
[BlackElo "1706"]
[PlyCount "81"]
[EventDate "2011.04.30"]
[EventType "swiss"]
[EventRounds "9"]
[EventCountry "GER"]
[SourceTitle "EXT 2012"]
[Source "ChessBase"]
[SourceDate "2011.11.24"]
[SourceVersion "1"]
[SourceVersionDate "2011.11.24"]
[SourceQuality "1"]

1. c4 Nf6 2. g3 e6 3. Bg2 d5 4. Nf3 c6 5. b3 Be7 6. 0-0 Nbd7 7. Bb2 0-0 8. e3 Qb6 9. d3 dxc4 10. dxc4 Rd8 11. Qe2 Qc7 12. Rd1 b6 13. Nc3 Bb7 14. Rac1 a6 15. a4 Nc5 16. Qc2 Rxd1+ 17. Rxd1 Rd8 18. Ba3 a5 19. Bxc5 Bxc5 20. Rd3 Bb4 21. Qd1 Rxd3 22. Qxd3 h6 23. Ne4 Nxe4 24. Qxe4 c5 25. Qd3 Ba3 26. e4 Bb2 27. Kh1 Bf6 28. Ng1 Bd4 29. f4 f6 30. Nf3 e5 31. f5 Bc6 32. g4 Be8 33. h4 g5 34. h5 Bc6 35. Ne1 Qb7 36. Bf3 Kf7 37. Kg2 Ke7 38. Nc2 Qd7 39. Kf1 Qd6 40. Ke2 Qd7 41. Bg2 1/2-1/2

[Event "Hessen-ch Seniors op 07th"]
[Site "Bad Sooden-Allendorf"]
[Date "2011.05.02"]
[Round "3"]
[White "Schulz, Eugen"]
[Black "Hampe, Werner"]
[Result "1/2-1/2"]
[WhiteElo "1719"]
[BlackElo "1577"]
[PlyCount "32"]
[EventDate "2011.04.30"]
[EventType "swiss"]
[EventRounds "9"]
[EventCountry "GER"]
[SourceTitle "EXT 2012"]
[Source "ChessBase"]
[SourceDate "2011.11.24"]
[SourceVersion "1"]
[SourceVersionDate "2011.11.24"]
[SourceQuality "1"]

1. e4 e5 2. Nf3 Nc6 3. c3 Nf6 4. d4 exd4 5. e5 Nd5 6. cxd4 Bb4+ 7. Bd2 0-0 8. Nc3 Bxc3 9. bxc3 d6 10. Bb5 dxe5 11. Bxc6 bxc6 12. Nxe5 Ba6 13. Qc2 f6 14. Nd3 Bxd3 15. Qxd3 Qd7 16. h3 Nb6 1/2-1/2

[Event "Hessen-ch Seniors op 07th"]
[Site "Bad Sooden-Allendorf"]
[Date "2011.05.01"]
[Round "2"]
[White "Hampe, Werner"]
[Black "Schmitthoefer, Herbert"]
[Result "1/2-1/2"]
[WhiteElo "1577"]
[BlackElo "1737"]
[PlyCount "75"]
[EventDate "2011.04.30"]
[EventType "swiss"]
[EventRounds "9"]
[EventCountry "GER"]
[SourceTitle "EXT 2012"]
[Source "ChessBase"]
[SourceDate "2011.11.24"]
[SourceVersion "1"]
[SourceVersionDate "2011.11.24"]
[SourceQuality "1"]

1. c4 Nf6 2. g3 g6 3. Bg2 Bg7 4. Nc3 0-0 5. e4 d6 6. Nge2 c5 7. 0-0 Nc6 8. d3 Nh5 9. f4 Bg4 10. Be3 Qc8 11. a3 Nd4 12. Rb1 e5 13. Bxd4 cxd4 14. Nd5 Qd7 15. Qd2 Kh8 16. f5 f6 17. b4 gxf5 18. exf5 Bxf5 19. Rf2 Bg6 20. h3 f5 21. Rbf1 e4 22. dxe4 fxe4 23. Rxf8+ Rxf8 24. Rxf8+ Bxf8 25. Qxd4+ Bg7 26. Qe3 b6 27. g4 Nf6 28. Nef4 Bf7 29. Nxf6 Bxf6 30. Qxe4 Qc8 31. Bf1 Be5 32. Bd3 Qg8 33. a4 h5 34. Ng2 hxg4 35. Qxg4 Qxg4 36. hxg4 Be6 37. Be2 Bc3 38. b5 1/2-1/2

[Event "Daehne Cup Region III"]
[Site "Neustadt"]
[Date "2011.04.03"]
[Round "4"]
[White "Nagel, Detlev"]
[Black "Hampe, Werner"]
[Result "0-1"]
[WhiteElo "1416"]
[BlackElo "1546"]
[PlyCount "109"]
[EventDate "2011.03.27"]
[EventType "k.o."]
[EventCountry "GER"]
[SourceTitle "EXT 2022"]
[Source "ChessBase"]
[SourceDate "2021.10.06"]
[SourceVersion "1"]
[SourceVersionDate "2021.10.06"]
[SourceQuality "1"]

1. d4 d5 2. Nf3 e6 3. e3 c5 4. c4 Nf6 5. Be2 Be7 6. 0-0 0-0 7. b3 b6 8. Bb2 Bb7 9. Nc3 cxd4 10. exd4 Nbd7 11. a4 a5 12. Ba3 dxc4 13. Bxc4 Bxa3 14. Rxa3 Qe7 15. Ra2 Rfd8 16. Rd2 Qb4 17. Nb5 Bxf3 18. gxf3 Ne5 19. Be2 Ng6 20. Bc4 Nf4 21. Re1 N6d5 22. Bxd5 Rxd5 23. Nc7 Qe7 24. Nxe6 fxe6 25. Kh1 Qf6 26. Re4 Rf8 27. Qe1 Rf5 28. Re5 Rxe5 29. dxe5 Qf7 30. Rd6 Nd5 31. Qe4 Qxf3+ 32. Qxf3 Rxf3 33. Rxe6 Rxb3 34. Rd6 Nf4 35. h4 Kf8 36. Rd7 h5 37. Rb7 Ne6 38. Rb8+ Kf7 39. Rb7+ Kg6 40. Re7 Kf5 41. f4 Rh3+ 42. Kg2 Rxh4 43. Rb7 Rxf4 44. Rxb6 Rxa4 45. Rb5 g5 46. Rb6 Ra3 47. Rb1 Kxe5 48. Rb5+ Kf6 49. Kh2 h4 50. Kg2 g4 51. Kh2 Ra2+ 52. Kg1 h3 53. Rh5 Nf4 54. Rh8 g3 55. Rxh3 0-1